Statistics for Countries that border India

Click here to take the quiz!

General Stats

  • This quiz has been taken 67 times
  • The average score is 6 of 7

Answer Stats

Country% Correct
Bangladesh
98%
China
98%
Nepal
98%
Bhutan
97%
Pakistan
97%
Myanmar
81%
Sri Lanka
79%

Score Distribution

Percentile by Number Answered

Percent of People with Each Score

Your Score History

You have not taken this quiz